000 00309nam a22001337a 4500
008 170712b xxu||||| |||| 00| 0 eng d
020 _a9780312175689
041 _aeng
080 _aR 920.003 NIC
100 _a26
101 _aENC
245 _aENCYCLOPEDIA OF BIOGRAPHY
_cNICHOLLS.C.S
942 _2udc
_cBK
999 _c20245
_d20245